Southville International School and Colleges
Your cart is empty.
  • Cart
  • Lists
    Public lists Eva Luna New books Lux_list list_1
    Your lists Log in to create your own lists
  • Log in to your account
  • Your cookies
  • Search history
Southville International School and Colleges
  • Advanced search
  • Recent comments
  • Most popular
  • Libraries

Log in to your account

Log in with GOOGLE


If you do not have an external account, but do have a local account, you can still log in:

  1. Home
  2. MARC view: The legal research manual :
Normal view MARC view ISBD view

The legal research manual : (Record no. 8725)

[ view plain ]
MARC details
000 -LEADER
fixed length control field 01036pam a2200301 a 4500
001 - CONTROL NUMBER
control field 2910048
003 - CONTROL NUMBER IDENTIFIER
control field SISC
005 - DATE AND TIME OF LATEST TRANSACTION
control field 20160401142946.0
008 - FIXED-LENGTH DATA ELEMENTS--GENERAL INFORMATION
fixed length control field 880411r19881986wiua b 001 0 eng
010 ## - LIBRARY OF CONGRESS CONTROL NUMBER
LC control number 88014437
020 ## - INTERNATIONAL STANDARD BOOK NUMBER
International Standard Book Number 0916951162 :
Terms of availability $9.95
040 ## - CATALOGING SOURCE
Original cataloging agency DLC
Transcribing agency DLC
Modifying agency DLC
043 ## - GEOGRAPHIC AREA CODE
Geographic area code n-us---
050 00 - LIBRARY OF CONGRESS CALL NUMBER
Classification number KF 240
Item number .W7 1988
082 00 - DEWEY DECIMAL CLASSIFICATION NUMBER
Classification number HS 340.07
Item number W92 1986
100 1# - MAIN ENTRY--PERSONAL NAME
Personal name Wren, Christopher G.,
Dates associated with a name 1950-
9 (RLIN) 10888
245 14 - TITLE STATEMENT
Title The legal research manual :
Remainder of title a game plan for legal research and analysis /
Statement of responsibility, etc Christopher G. Wren, Jill Robinson Wren.
250 ## - EDITION STATEMENT
Edition statement 2nd ed.
260 ## - PUBLICATION, DISTRIBUTION, ETC. (IMPRINT)
Place of publication, distribution, etc Madison, Wis. :
Name of publisher, distributor, etc Adams & Ambrose Pub.,
Date of publication, distribution, etc [1988], c1986.
300 ## - PHYSICAL DESCRIPTION
Extent 242 p. :
Other physical details ill. ;
Dimensions 23 cm.
500 ## - GENERAL NOTE
General note Reprint. Originally published: Madison, Wis. : A-R Editions, c1986.
504 ## - BIBLIOGRAPHY, ETC. NOTE
Bibliography, etc Includes bibliographical references and index.
650 #0 - SUBJECT ADDED ENTRY--TOPICAL TERM
Topical term or geographic name as entry element Legal research
Geographic subdivision United States.
9 (RLIN) 10889
700 1# - ADDED ENTRY--PERSONAL NAME
Personal name Wren, Jill Robinson,
Dates associated with a name 1954-
9 (RLIN) 10890
906 ## - LOCAL DATA ELEMENT F, LDF (RLIN)
a 7
b cbc
c orignew
d 1
e ocip
f 19
g y-gencatlg
942 ## - ADDED ENTRY ELEMENTS (KOHA)
Source of classification or shelving scheme Library of Congress Classification
Koha item type Books
Holdings
Withdrawn status Lost status Source of classification or shelving scheme Damaged status Home library Current library Shelving location Date acquired Total Checkouts Full call number Barcode Date last seen Copy number Price effective from Koha item type
    Library of Congress Classification   Luxembourg Library Luxembourg Library High School Section 08/15/2013   KF 240 .W7 1988 9079 04/01/2016 1 08/15/2013 Books

The legal research manual :

APA

Wren C. G., Wren J. R., . (19881986). The legal research manual. Madison, Wis: Adams & Ambrose Pub.

Chicago

Wren Christopher G, Wren Jill Robinson, . 19881986. The legal research manual. Madison, Wis: Adams & Ambrose Pub.

Harvard

Wren C. G., Wren J. R., . (19881986). The legal research manual. Madison, Wis: Adams & Ambrose Pub.

MLA

Wren Christopher G, Wren Jill Robinson, . The legal research manual. Madison, Wis: Adams & Ambrose Pub. 19881986.

  • Place hold
  • Print
  • Cite
  • Add to your cart (remove)
  • Save record
    BIBTEX Dublin Core MARCXML MARC (non-Unicode/MARC-8) MARC (Unicode/UTF-8) MARC (Unicode/UTF-8, Standard) MODS (XML) RIS
  • More searches
    Search for this title in:
    Other Libraries (WorldCat) Other Databases (Google Scholar) Online Stores (Bookfinder.com) Open Library (openlibrary.org)

Exporting to Dublin Core...

SOUTHVILLE LIBRARY

Southville International School and Colleges Library

1281 Tropical Ave. Cor. Luxembourg St., BF Homes International, Las Pinas City

Tel. No. 8256374 / 252358 Loc. 117/146

Powered by Koha